Cutting transport CO2 emissions what progress?

Guardado en:
Detalles Bibliográficos
Autor Corporativo: European Conference of Ministers of Transport. Economic Research Centre
Formato: Libro
Lenguaje:inglés
Publicado: Paris OECD 2007
Materias:
Etiquetas: Agregar Etiqueta
Sin Etiquetas, Sea el primero en etiquetar este registro!

MARC

LEADER 00000nam$a2200000$$$4500
001 0055431
005 20240315120511.6
020 |a 92-821-0382-X 
041 0 |a eng 
044 |a FR 
245 1 0 |a Cutting transport CO2 emissions  |b what progress? 
264 1 |a Paris  |b OECD  |c 2007 
300 |a 264 s. 
610 2 0 |a doprava 
610 2 0 |a doprava cestná 
610 2 0 |a emisie 
610 2 0 |a znečistenie ovzdušia 
610 2 0 |a prevádzka dopravy 
610 2 0 |a prostriedky dopravné 
610 2 0 |a údaje štatistické medzinárodné 
610 2 0 |a porovnanie medzinárodné 
710 2 |a European Conference of Ministers of Transport. Economic Research Centre